Peinture troubadour et Moyen Âge gothique (notice n° 1605915)

détails MARC
000 -LEADER
fixed length control field 01989cam a2200169 4500500
005 - DATE AND TIME OF LATEST TRANSACTION
control field 20251228095227.0
041 ## - LANGUAGE CODE
Language code of text/sound track or separate title fre
042 ## - AUTHENTICATION CODE
Authentication code dc
100 10 - MAIN ENTRY--PERSONAL NAME
Personal name Pupil, François
Relator term author
245 00 - TITLE STATEMENT
Title Peinture troubadour et Moyen Âge gothique
260 ## - PUBLICATION, DISTRIBUTION, ETC.
Date of publication, distribution, etc. 2005.<br/>
500 ## - GENERAL NOTE
General note 78
520 ## - SUMMARY, ETC.
Summary, etc. RésuméLa construction des premiers bâtiments néogothiques est précédée de plus d’un siècle d’une gothic mood qui touche les arts du décor, pour le spectacle comme pour la maison et les jardins, mais surtout les arts graphiques et la peinture. Des emprunts plus ou moins fantaisistes à l’architecture gothique permirent d’évoquer le passé non classique dès le début du xviiie siècle. Ils devinrent plus systématiques à la veille de la Révolution, quand le goût pour l’histoire se répandit, et dominèrent le style troubadour à l’époque de l’Empire. Le romantisme et l’historicisme devaient multiplier les «citations» d’art médiéval, mais sans les connotations poétiques et sentimentales de ce néogothique pictural.
520 ## - SUMMARY, ETC.
Summary, etc. The construction of the first neogothic buildings was preceded by more than a century of «gothic mood» in the arts of decoration, for theatre sets as well as for the home, but mainly for graphic arts and painting. Borrowing, in a more or less eccentric way, from gothic architecture, allowed to evoke the non classical past as soon as the beginning of the 18 th century. These borrowings became more systematic at the dawn of the Revolution, when a fad for history developed, and they dominated the troubadour style during the Empire period. Romanticism and historicism will then multiply the «quotations» of medieval art, but without the poetic and sentimental connotations of this pictorial neogothic.
786 0# - DATA SOURCE ENTRY
Note Sociétés & Représentations | 20 | 2 | 2005-09-01 | p. 85-102 | 1262-2966
856 41 - ELECTRONIC LOCATION AND ACCESS
Uniform Resource Identifier <a href="https://shs.cairn.info/revue-societes-et-representations-2005-2-page-85?lang=fr&redirect-ssocas=7080">https://shs.cairn.info/revue-societes-et-representations-2005-2-page-85?lang=fr&redirect-ssocas=7080</a>

Pas d'exemplaire disponible.

PLUDOC

PLUDOC est la plateforme unique et centralisée de gestion des bibliothèques physiques et numériques de Guinée administré par le CEDUST. Elle est la plus grande base de données de ressources documentaires pour les Étudiants, Enseignants chercheurs et Chercheurs de Guinée.

Adresse

627 919 101/664 919 101

25 boulevard du commerce
Kaloum, Conakry, Guinée

Réseaux sociaux

Powered by Netsen Group @ 2025